Going for growth <the> economy of the EU
Gespeichert in:
| Format: | Buch |
|---|---|
| Sprache: | Englisch |
| Veröffentlicht: |
Luxembourg
Office for Official Publications of the European Communities
2003
|
| Schriftenreihe: | Europe on the move
|
| Schlagworte: | |
| Tags: |
Keine Tags, Fügen Sie das erste Tag hinzu!
|
MARC
| LEADER | 00000nam$a2200000$$$4500 | ||
|---|---|---|---|
| 001 | 0055536 | ||
| 005 | 20240313132923.0 | ||
| 020 | |a 92-894-6143-8 | ||
| 041 | 0 | |a eng | |
| 044 | |a LU | ||
| 245 | 1 | 0 | |a Going for growth |b <the> economy of the EU |
| 264 | 1 | |a Luxembourg |b Office for Official Publications of the European Communities |c 2003 | |
| 300 | |a 22 s. | ||
| 490 | 1 | |a Europe on the move | |
| 830 | 0 | |a Europe on the move | |
| 610 | 2 | 0 | |a Európska únia |
| 610 | 2 | 0 | |a Európska menová únia |
| 610 | 2 | 0 | |a integrácia ekonomická medzinárodná |